La iglesia evangélica en Colombia : (Record no. 29272)

MARC details
000 -LEADER
campo de control de longitud fija 00650ntaaa2200193 4500
003 - IDENTIFICADOR DE NÚMERO DE CONTROL
campo de control 01
005 - FECHA Y HORA DE LA ÚLTIMA TRANSACCIÓN
campo de control 20251027203354.0
008 - DATOS DE LONGITUD FIJA--INFORMACIÓN GENERAL
campo de control de longitud fija 0714s1973 ag 01
020 ## - NÚMERO INTERNACIONAL ESTÁNDAR DEL LIBRO
Número Internacional Estándar del Libro 9589269249
040 ## - FUENTE DE CATALOGACIÓN
Centro catalogador/agencia de origen AR-BaBN
Lengua de catalogación spa
Centro/agencia transcriptor AR-BaBN
Normas de descripción aacr
Centro/agencia modificador RIC
100 ## - ENTRADA PRINCIPAL--NOMBRE DE PERSONA
Nombre de persona Bucana, Juana B. de
9 (RLIN) 36
245 ## - MENCIÓN DEL TÍTULO
Título La iglesia evangélica en Colombia :
Resto del título una historia /
Mención de responsabilidad, etc. Juana B. de Bucana
260 ## - PUBLICACIÓN, DISTRIBUCIÓN, ETC.
Lugar de publicación, distribución, etc. Santafé de Bogotá, D.C. :
Nombre del editor, distribuidor, etc. Asociación Pro-Cruzada Mundial (WEC International),
Fecha de publicación, distribución, etc. 1995
300 ## - DESCRIPCIÓN FÍSICA
Extensión 249 p. ;
Dimensiones 21 cm.
500 ## - NOTA GENERAL
Nota general Donación de Pablo A. Deiros, 2022
500 ## - NOTA GENERAL
Nota general Bibliografía: p. 217-228
500 ## - NOTA GENERAL
Nota general Incluye índices analíticos y apéndices
942 ## - ELEMENTOS DE ENTRADA SECUNDARIOS (KOHA)
Tipo de ítem Koha Colección General
Holdings
Estatus retirado Estado de pérdida Estado de daño No para préstamo Biblioteca de origen Biblioteca actual Fecha de adquisición Número de inventario Total de préstamos Código de barras Visto por última vez Precio de reemplazo Tipo de ítem Koha
        Biblioteca Pluis Biblioteca Pluis 27/10/2025 045841   045841 27/10/2025 27/10/2025 Colección General